UBT Library

Economics of American forestry. (Record no. 43095)

000 -LEADER
fixed length control field 00588cam a22002411 4500
001 - CONTROL NUMBER
control field 9355071
005 - DATE AND TIME OF LATEST TRANSACTION
control field 20180222032540.0
008 - FIXED-LENGTH DATA ELEMENTS--GENERAL INFORMATION
fixed length control field 730220s1959 nyu b 000 0 eng
010 ## - LIBRARY OF CONGRESS CONTROL NUMBER
LC control number 59006780
015 ## - NATIONAL BIBLIOGRAPHY NUMBER
National bibliography number GB59-8088
035 ## - SYSTEM CONTROL NUMBER
System control number (OCoLC)560947
040 ## - CATALOGING SOURCE
Original cataloging agency DLC
Transcribing agency ODaWU
Modifying agency OCoLC
-- Uk
-- OCoLC
-- DLC
041 ## - LANGUAGE CODE
Language code of text/sound track or separate title eng
042 ## - AUTHENTICATION CODE
Authentication code premarc
080 ## - UNIVERSAL DECIMAL CLASSIFICATION NUMBER
Universal Decimal Classification number 338
082 ## - DEWEY DECIMAL CLASSIFICATION NUMBER
Edition number 338 WOR
100 1# - Rafti
Rafti 53
101 ## - Shkurtesa
Shkurtesa MNG
245 10 - TITLE STATEMENT
Title Economics of American forestry.
504 ## - BIBLIOGRAPHY, ETC. NOTE
Bibliography, etc Includes bibliography.
906 ## - LOCAL DATA ELEMENT F, LDF (RLIN)
a 7
b cbc
c oclcrpl
d u
e ncip
f 19
g y-gencatlg
942 ## - ADDED ENTRY ELEMENTS (KOHA)
Source of classification or shelving scheme
Item type Books
Holdings
Withdrawn status Lost status Source of classification or shelving scheme Damaged status Not for loan Collection code Permanent location Current location Shelving location Date acquired Total Checkouts Full call number Barcode Date last seen Price effective from Koha item type
          Koleksioni i përgjithshem UBT - Lipjan UBT - Lipjan Koleksioni i lëndeve mesimore 02/22/2018   338 WOR 002-2999783 02/22/2018 02/22/2018 Books
UBT Library © 2015-2024. All rights reserved University Education for Business and Technology